[Event "Pardubice Czech op-A 29th"]
[Site "Pardubice"]
[Date "2018.07.27"]
[Round "8"]
[White "Ilyuchyk, Yana"]
[Black "Phadke, Sohan"]
[Result "1/2-1/2"]
[WhiteElo "2083"]
[BlackElo "2249"]
[PlyCount "120"]
[EventDate "2018.07.20"]
[EventType "swiss"]
[EventRounds "9"]
[EventCountry "CZE"]
[SourceTitle "CBM 185 Extra"]
[Source "ChessBase"]
[SourceDate "2018.07.29"]
[SourceVersion "1"]
[SourceVersionDate "2018.07.29"]
[SourceQuality "1"]

1. e4 c5 2. Nf3 Nc6 3. d4 cxd4 4. Nxd4 e5 5. Nb5 d6 6. N1c3 a6 7. Na3 b5 8. Nd5 Nge7 9. c4 Nd4 10. Bd3 Nxd5 11. cxd5 g6 12. Be3 Bg7 13. 0-0 0-0 14. Qd2 f5 15. Bxd4 exd4 16. Nc2 fxe4 17. Bxe4 Bf5 18. Rae1 Qh4 19. g3 Qf6 20. Qd3 Rae8 21. Bxf5 Rxe1 22. Nxe1 Qxf5 23. Qxf5 Rxf5 24. Nd3 Rxd5 25. Rc1 Rf5 26. Kf1 a5 27. Rc6 Bf8 28. b3 g5 29. Ra6 b4 30. g4 Rb5 31. Ke2 Kf7 32. Kf3 Ke6 33. Ke4 Be7 34. f4 gxf4 35. Nxf4+ Kf7 36. Nd3 h5 37. h3 hxg4 38. hxg4 Rg5 39. Kf4 Ke6 40. Ra7 Bd8 41. Kf3 Rg8 42. Nf4+ Ke5 43. Rf7 Bf6 44. Rb7 d3 45. Rb5+ Kd4 46. Rd5+ Kc3 47. Rxd3+ Kb2 48. Rd2+ Ka3 49. Rxd6 Bc3 50. Ne6 Kxa2 51. Ra6 Kxb3 52. Rxa5 Kc2 53. Rc5 Kd1 54. Nf4 Re8 55. Nd5 Kd2 56. Nxc3 bxc3 57. Kf4 Rf8+ 58. Ke5 c2 59. g5 Rf3 60. Rxc2+ Kxc2 1/2-1/2

[Event "Pardubice Czech op-A 29th"]
[Site "Pardubice"]
[Date "2018.07.25"]
[Round "6"]
[White "Skliarov, Viktor"]
[Black "Phadke, Sohan"]
[Result "1-0"]
[WhiteElo "2357"]
[BlackElo "2249"]
[PlyCount "53"]
[EventDate "2018.07.20"]
[EventType "swiss"]
[EventRounds "9"]
[EventCountry "CZE"]
[SourceTitle "CBM 185 Extra"]
[Source "ChessBase"]
[SourceDate "2018.07.29"]
[SourceVersion "1"]
[SourceVersionDate "2018.07.29"]
[SourceQuality "1"]

1. e4 c5 2. Nf3 Nc6 3. Bb5 e6 4. Bxc6 bxc6 5. d3 d5 6. e5 Ne7 7. 0-0 Ng6 8. c4 f6 9. Qe2 Be7 10. Nc3 0-0 11. Na4 fxe5 12. Nxe5 Nxe5 13. Qxe5 Bd6 14. Qg5 Qe8 15. Be3 Rf5 16. Qg4 d4 17. Bd2 Rh5 18. f4 e5 19. Qg3 Rh6 20. fxe5 Rg6 21. Qh4 Be7 22. Qe4 Bh3 23. Rf2 Rg4 24. Qf3 Qh5 25. Kh1 Rf8 26. Qxh3 Qxh3 27. Rxf8+ 1-0

[Event "Mumbai Mayors Cup 11th"]
[Site "Mumbai"]
[Date "2018.06.09"]
[Round "9"]
[White "Nguyen, Van Huy"]
[Black "Phadke, Sohan"]
[Result "1-0"]
[WhiteElo "2451"]
[BlackElo "2222"]
[PlyCount "101"]
[EventDate "2018.06.03"]
[EventType "swiss"]
[EventRounds "10"]
[EventCountry "IND"]
[SourceTitle "CBM 184 Extra"]
[Source "ChessBase"]
[SourceDate "2018.06.28"]
[SourceVersion "1"]
[SourceVersionDate "2018.06.28"]
[SourceQuality "1"]

1. d4 f5 2. Nf3 Nf6 3. g3 e6 4. Bg2 d5 5. 0-0 Bd6 6. c4 0-0 7. Nc3 c6 8. Qc2 Qe7 9. Rb1 Nbd7 10. cxd5 exd5 11. Ne1 Ne4 12. Nd3 a5 13. Bf4 Bxf4 14. Nxf4 Nb6 15. e3 Nc4 16. Rbc1 Bd7 17. Nxe4 fxe4 18. Bxe4 dxe4 19. Qxc4+ Kh8 20. Qc5 Qf7 21. a3 Bg4 22. h4 Qd7 23. Qe5 Rae8 24. Qxa5 Bf3 25. Kh2 Ra8 26. Qc5 Rf5 27. d5 g5 28. dxc6 bxc6 29. Qc3+ Kg8 30. Nh3 Be2 31. Rfe1 Bd3 32. Qxc6 Qxc6 33. Rxc6 g4 34. Nf4 Rb5 35. Rec1 Rxb2 36. Rc8+ Rxc8 37. Rxc8+ Kf7 38. Nxd3 exd3 39. Kg2 Ke6 40. Rd8 Rb3 41. a4 Ra3 42. a5 h5 43. a6 Kf6 44. a7 Rxa7 45. Rxd3 Ra2 46. Rd5 Kg6 47. Kf1 Ra1+ 48. Ke2 Ra2+ 49. Rd2 Ra3 50. f3 gxf3+ 51. Kxf3 1-0

[Event "Mumbai Mayors Cup 11th"]
[Site "Mumbai"]
[Date "2018.06.08"]
[Round "8"]
[White "Phadke, Sohan"]
[Black "Sankalp, Gupta"]
[Result "1/2-1/2"]
[WhiteElo "2222"]
[BlackElo "2365"]
[PlyCount "55"]
[EventDate "2018.06.03"]
[EventType "swiss"]
[EventRounds "10"]
[EventCountry "IND"]
[SourceTitle "CBM 184 Extra"]
[Source "ChessBase"]
[SourceDate "2018.06.28"]
[SourceVersion "1"]
[SourceVersionDate "2018.06.28"]
[SourceQuality "1"]

1. d4 Nf6 2. Bf4 g6 3. Nc3 d5 4. e3 Bg7 5. h4 0-0 6. h5 c5 7. hxg6 hxg6 8. Qd2 Nc6 9. 0-0-0 Qa5 10. f3 Be6 11. g4 Rfc8 12. Qh2 cxd4 13. Bh6 dxc3 14. Bxg7 cxb2+ 15. Kb1 Nh5 16. Bxb2 Nb4 17. Bd3 d4 18. a3 Nxd3 19. Rxd3 Bc4 20. Rxd4 Qe1+ 21. Bc1 Rc6 22. Rxc4 Rxc4 23. gxh5 g5 24. Qe5 Rxc2 25. Qxg5+ Kf8 26. Qh6+ Kg8 27. Qg5+ Kf8 28. Qh6+ 1/2-1/2

[Event "Mumbai Mayors Cup 11th"]
[Site "Mumbai"]
[Date "2018.06.05"]
[Round "4"]
[White "Erigaisi, Arjun Kumar"]
[Black "Phadke, Sohan"]
[Result "1-0"]
[WhiteElo "2505"]
[BlackElo "2222"]
[PlyCount "49"]
[EventDate "2018.06.03"]
[EventType "swiss"]
[EventRounds "10"]
[EventCountry "IND"]
[SourceTitle "CBM 184 Extra"]
[Source "ChessBase"]
[SourceDate "2018.06.28"]
[SourceVersion "1"]
[SourceVersionDate "2018.06.28"]
[SourceQuality "1"]

1. d4 f5 2. Bg5 h6 3. Bh4 g5 4. e3 Nf6 5. Bg3 d6 6. Nc3 Nc6 7. h4 Rg8 8. hxg5 hxg5 9. d5 Ne5 10. Bb5+ Bd7 11. Nge2 Bxb5 12. Nxb5 Qd7 13. Nbd4 Nxd5 14. Nxf5 Nf6 15. Bxe5 Qxf5 16. Bxf6 Qxf6 17. Qd5 Qxb2 18. 0-0 Rh8 19. Nd4 c6 20. Qxg5 0-0-0 21. Qf5+ Rd7 22. Rab1 Qxa2 23. Rb3 c5 24. Rfb1 b6 25. Qd5 1-0

[Event "Mumbai Mayors Cup 11th"]
[Site "Mumbai"]
[Date "2018.06.04"]
[Round "2"]
[White "Phadke, Sohan"]
[Black "Rahman, Ziaur"]
[Result "1-0"]
[WhiteElo "2222"]
[BlackElo "2498"]
[PlyCount "113"]
[EventDate "2018.06.03"]
[EventType "swiss"]
[EventRounds "10"]
[EventCountry "IND"]
[SourceTitle "CBM 184 Extra"]
[Source "ChessBase"]
[SourceDate "2018.06.28"]
[SourceVersion "1"]
[SourceVersionDate "2018.06.28"]
[SourceQuality "1"]

1. e4 c5 2. Nf3 e6 3. d4 cxd4 4. Nxd4 Nc6 5. Nc3 Qc7 6. g3 a6 7. Bg2 d6 8. 0-0 Be7 9. a4 Nf6 10. Nb3 b6 11. f4 0-0 12. g4 Nd7 13. Be3 Rb8 14. Qe2 Na5 15. Rad1 Nc4 16. Bc1 b5 17. Rd3 Nc5 18. Nxc5 Qxc5+ 19. Kh1 b4 20. Nd1 Bb7 21. b3 Nb6 22. Rh3 Rfc8 23. Be3 Qc7 24. g5 Nd7 25. Qh5 Nf8 26. Rf2 f5 27. exf5 exf5 28. Bd4 Re8 29. Ne3 g6 30. Nxf5 Bxg5 31. Qd1 gxf5 32. fxg5 Bxg2+ 33. Kxg2 Qb7+ 34. Kg1 Qd5 35. Rd3 Re4 36. Ba7 Qe6 37. Rxd6 Re1+ 38. Rf1 Rxd1 39. Rxe6 Rxf1+ 40. Kxf1 Nxe6 41. Bxb8 Nd4 42. Be5 Nxc2 43. Ke2 Kf7 44. Kd2 Ke6 45. Bg7 Na3 46. h4 Kf7 47. Be5 Kg6 48. Kc1 Kh5 49. Bd6 Kxh4 50. Bxb4 Nb5 51. axb5 axb5 52. Be7 Kg3 53. Kd2 f4 54. Ke1 Kg2 55. Bd6 Kf3 56. b4 Kg4 57. Kf2 1-0

[Event "Bangkok Cha Am op 18th"]
[Site "Bangkog"]
[Date "2018.04.21"]
[Round "9"]
[White "Smirnov, Anton"]
[Black "Phadke, Sohan"]
[Result "1/2-1/2"]
[WhiteElo "2546"]
[BlackElo "2150"]
[PlyCount "123"]
[EventDate "2018.04.13"]
[EventType "swiss"]
[EventRounds "9"]
[EventCountry "THA"]
[SourceTitle "CBM 184 Extra"]
[Source "ChessBase"]
[SourceDate "2018.06.28"]
[SourceVersion "1"]
[SourceVersionDate "2018.06.28"]
[SourceQuality "1"]

1. e4 c5 2. Nf3 Nc6 3. d4 cxd4 4. Nxd4 Nf6 5. Nc3 e5 6. Ndb5 d6 7. Bg5 a6 8. Na3 b5 9. Nd5 Be7 10. Bxf6 Bxf6 11. c4 b4 12. Nc2 0-0 13. h4 Be6 14. g3 a5 15. Bg2 Rc8 16. Nce3 g6 17. Nxf6+ Qxf6 18. b3 Rfd8 19. Nc2 Qe7 20. 0-0 a4 21. Qd2 Qb7 22. Kh2 axb3 23. axb3 Ra8 24. f4 exf4 25. gxf4 Qe7 26. Qf2 Rxa1 27. Rxa1 Qf6 28. Qg3 Qc3 29. Qxc3 bxc3 30. Ra6 Ne7 31. Kg3 Rb8 32. Ra3 Nc6 33. Bf1 f5 34. Bd3 fxe4 35. Bxe4 Nb4 36. Kf3 d5 37. cxd5 Bxd5 38. Nxb4 Bxe4+ 39. Kxe4 Rxb4+ 40. Kd3 Rxf4 41. Ra4 Rf3+ 42. Kc2 Kf7 43. Ra7+ Ke6 44. Rxh7 Rh3 45. Rh6 Kd5 46. Rxg6 Rxh4 47. Kxc3 Kc5 48. Rg5+ Kb6 49. Kb2 Rf4 50. Ka3 Rh4 51. Rg1 Rf4 52. b4 Rf3+ 53. Ka4 Rf6 54. Rg5 Rh6 55. Rb5+ Ka6 56. Rb8 Ka7 57. Rc8 Kb6 58. Rb8+ Ka7 59. Rb5 Ka6 60. Rd5 Kb6 61. Rc5 Rg6 62. Rb5+ 1/2-1/2

[Event "Dubai op 20th"]
[Site "Dubai"]
[Date "2018.04.02"]
[Round "1"]
[White "Maghsoodloo, Parham"]
[Black "Phadke, Sohan"]
[Result "1/2-1/2"]
[WhiteElo "2615"]
[BlackElo "2150"]
[PlyCount "72"]
[EventDate "2018.04.02"]
[EventType "swiss"]
[EventRounds "9"]
[EventCountry "UAE"]
[SourceTitle "CBM 183 Extra"]
[Source "ChessBase"]
[SourceDate "2018.04.19"]
[SourceVersion "1"]
[SourceVersionDate "2018.04.19"]
[SourceQuality "1"]

1. d4 Nf6 2. Nf3 g6 3. c4 Bg7 4. Nc3 d5 5. cxd5 Nxd5 6. e4 Nxc3 7. bxc3 c5 8. Be3 Qa5 9. Qd2 0-0 10. Rc1 Rd8 11. Bh6 Nc6 12. d5 e6 13. Bxg7 Kxg7 14. Be2 exd5 15. exd5 Ne7 16. c4 Qxd2+ 17. Nxd2 Re8 18. g4 g5 19. f3 Ng6 20. Kf2 f5 21. gxf5 Bxf5 22. Nf1 Rf8 23. Ne3 Bd7 24. Rhg1 h6 25. Rg3 Rf6 26. Bd3 Nf4 27. Rc3 Rb6 28. Be4 Kf6 29. Rc2 h5 30. Ke1 Rb1+ 31. Nd1 Ba4 32. Kd2 Bxc2 33. Bxc2 Rb4 34. Ne3 Re8 35. Rg1 Rb2 36. Kc1 Rxc2+ 1/2-1/2

[Event "Mumbai Wealth op 3rd"]
[Site "Mumbai"]
[Date "2018.01.03"]
[Round "5"]
[White "Phadke, Sohan"]
[Black "Deviatkin, Andrei"]
[Result "0-1"]
[WhiteElo "2189"]
[BlackElo "2471"]
[PlyCount "64"]
[EventDate "2017.12.30"]
[EventType "swiss"]
[EventRounds "9"]
[EventCountry "IND"]
[SourceTitle "CBM 182 Extra"]
[Source "ChessBase"]
[SourceDate "2018.02.23"]
[SourceVersion "1"]
[SourceVersionDate "2018.02.23"]
[SourceQuality "1"]

1. d4 d5 2. Bf4 Nf6 3. e3 e6 4. Nd2 Bd6 5. Bg3 c5 6. c3 Qc7 7. Bxd6 Qxd6 8. f4 b6 9. Bd3 0-0 10. Ngf3 Ba6 11. Bxa6 Nxa6 12. Ne5 b5 13. 0-0 b4 14. Rf3 bxc3 15. bxc3 Rab8 16. Rh3 Rb2 17. g4 g6 18. Qe1 cxd4 19. exd4 Nc7 20. Ndf3 Rfb8 21. Ng5 Qa6 22. Nxh7 Nxh7 23. Nd7 Qd6 24. Nxb8 Ne8 25. Qh4 Nef6 26. Rf1 Qxb8 27. g5 Nh5 28. Qg4 Rxa2 29. Re3 Nf8 30. Re2 Ra3 31. Qf3 Qc7 32. Re3 Ra2 0-1

[Event "Mumbai Wealth op 3rd"]
[Site "Mumbai"]
[Date "2017.12.31"]
[Round "2"]
[White "Ravi, Teja Sanka"]
[Black "Phadke, Sohan"]
[Result "1-0"]
[WhiteElo "2378"]
[BlackElo "2189"]
[PlyCount "83"]
[EventDate "2017.12.30"]
[EventType "swiss"]
[EventRounds "9"]
[EventCountry "IND"]
[SourceTitle "CBM 182 Extra"]
[Source "ChessBase"]
[SourceDate "2018.02.23"]
[SourceVersion "1"]
[SourceVersionDate "2018.02.23"]
[SourceQuality "1"]

1. d4 f5 2. Nf3 Nf6 3. g3 e6 4. Bg2 d5 5. 0-0 Bd6 6. c4 0-0 7. Nc3 c6 8. Qc2 Qe7 9. Bg5 h6 10. Bf4 Bxf4 11. gxf4 Nbd7 12. cxd5 cxd5 13. Nb5 Nb6 14. Qc5 Qd8 15. Ne5 Nfd7 16. Qd6 Nxe5 17. dxe5 Bd7 18. Nc7 Nc4 19. Nxe6 Nxd6 20. Nxd8 Raxd8 21. Bxd5+ Nf7 22. e6 Bxe6 23. Bxe6 Rfe8 24. Bc4 Rd4 25. Bxf7+ Kxf7 26. e3 Rd2 27. b4 g5 28. fxg5 hxg5 29. Rfd1 Red8 30. Rxd2 Rxd2 31. Rc1 Rxa2 32. Rc7+ Kf6 33. Rxb7 Rb2 34. b5 Rb1+ 35. Kg2 Rb2 36. h3 Kg6 37. Kg3 Rb3 38. Rxa7 Rxb5 39. Ra6+ Kh5 40. f4 Rb3 41. fxg5 Rxe3+ 42. Kf4 1-0